书目信息 |
| 题名: |
外国学者论社会主义市场经济
|
|
| 作者: | 陈云卿 , 蒋士满 编 | |
| 分册: | ||
| 出版信息: | 北京 社会科学文献出版社 1993.4 |
|
| 页数: | 217页 | |
| 开本: | 20cm | |
| 丛书名: | ||
| 单 册: | ||
| 中图分类: | F045.5-53 | |
| 科图分类: | 27.2765083 | |
| 主题词: | 社会主义经济--市场经济--文集 , 社会主义经济 , 市场经济 | |
| 电子资源: | ||
| ISBN: | 7-80050-379-8 | |
| 000 | 00922nam0 2200289 450 | |
| 001 | 0193043394 | |
| 005 | 20100713011431.0 | |
| 010 | @a7-80050-379-8@dCNY5.40 | |
| 011 | @a7-80050-379-8 | |
| 100 | @a19930925d1993 em y0chiy0110 ea | |
| 101 | 0 | @achi |
| 102 | @aCN@b110000 | |
| 105 | @ay z 000yy | |
| 106 | @ar | |
| 200 | 1 | @a外国学者论社会主义市场经济@9Wai Guo Xue Zhe Lun She Hui;Kuai Zhu Yi Shi Chang Jing Ji @f陈云卿,蒋士满编 |
| 210 | @a北京@c社会科学文献出版社@d1993.4 | |
| 215 | @a217页@d20cm | |
| 330 | @a编收23篇译文,论述社会主义经济条件下运用市场的必要性,社会主义市场经济的内涵和特点等。 | |
| 606 | 0 | @a社会主义经济@x市场经济@x文集 |
| 606 | 0 | @a社会主义经济 |
| 606 | 0 | @a市场经济 |
| 690 | @aF045.5-53@v三版 | |
| 692 | @a27.2765083 | |
| 701 | 0 | @a陈云卿@9chen yun qing@4编 |
| 701 | 0 | @a蒋士满@9jiang shi man@4编 |
| 801 | 0 | @aCN@b91MARC@c20130904 |
| 905 | @aBZT@dF045.5-53@e1@f5@sF045.5-53/1 | |
| 外国学者论社会主义市场经济/陈云卿,蒋士满编.-北京:社会科学文献出版社,1993.4 |
| 217页;20cm |
| ISBN 7-80050-379-8:CNY5.40 |
| 编收23篇译文,论述社会主义经济条件下运用市场的必要性,社会主义市场经济的内涵和特点等。 |
| ● |
| 相关链接 |
|
|
|
正题名:外国学者论社会主义市场经济
索取号:F045.5-53/1
 
预约/预借
| 序号 | 登录号 | 条形码 | 馆藏地/架位号 | 状态 | 备注 |
| 1 | 2000144269 | 2000144269 | 旧书回溯/ [索取号:F045.5-53/1] | 在馆 | |
| 2 | 2000144270 | 2000144270 | 旧书回溯/ [索取号:F045.5-53/1] | 在馆 | |
| 3 | 2000144271 | 2000144271 | 旧书回溯/ [索取号:F045.5-53/1] | 在馆 | |
| 4 | 2000144272 | 2000144272 | 旧书回溯/ [索取号:F045.5-53/1] | 在馆 | |
| 5 | 2000144273 | 2000144273 | 旧书回溯/ [索取号:F045.5-53/1] | 在馆 |